Number 1 hits of 2014 - Statistics

General Stats
  • This quiz has been taken 145 times
  • The average score is 8 of 10
Answer Stats
Singer Answer % Correct
John Legend All Of Me
100%
Pharrell Williams Happy
97%
Meghan Trainor All About That Bass
91%
Magic! Rude
86%
Pitbull Ft. Ke$ha Timber
86%
Iggy Azalea Fancy
84%
Taylor Swift Shake It Off
83%
Katy Perry Ft. Juicy J Dark Horse
78%
Eminem Ft. Rihanna The Monster
72%
Taylor Swift Blank Space
70%
No matching quizzes found
Score Distribution
Percent of People with Each Score
Percentile by Number Answered
Your Score History
You have not taken this quiz